000 00339nam a2200121Ia 4500
005 20260328101449.0
008 260328s9999||||xx |||||||||||||| ||und||
100 _ade Paula, Alberto
245 0 _aArquitectura en la Argentina - Vol. 7 :
_b 1850 a 1880 /
_cAlberto de Paula
260 _bEudeba
650 _aARQUITECTURA REGIONAL
942 _cBK
999 _c8582
_d8582